Manual ejecutivo tributario: régimen de tributación simplificada del IVA y microempresas familiares

Gespeichert in:
Bibliographische Detailangaben
1. Verfasser: Salort Salort, Vicente E (VerfasserIn)
Format: Buch
Sprache:Spanisch
Veröffentlicht: Santiago Edig 2014
Ausgabe:1a. ed
Schriftenreihe:MET, 14
Schlagworte:
Tags: Tag hinzufügen
Keine Tags, Fügen Sie den ersten Tag hinzu!

MARC

LEADER 00000cam a2200000 a 4500
001 UCC0656
003 CL-VaPUC
008 170825e20140000cl |||||||||||||||||spa|d
082 0 4 |a 346.078  |b SAL  |2 21 
100 0 |a Salort Salort, Vicente E  |e author  |9 594655 
245 1 0 |a Manual ejecutivo tributario: régimen de tributación simplificada del IVA y microempresas familiares 
250 |a 1a. ed 
300 |a 89 p 
942 |c BK 
945 |d 20170825 13:52:00  |a dcastane 
260 |a Santiago  |b Edig  |c 2014 
650 0 |a Tributos  |9 371831 
650 0 |a Derecho comercial   |9 256340 
650 0 |a Sociedades anónimas  |9 255387 
650 7 |a UTILIDADES  |2 CL-VaPUC  |9 594656 
650 0 |a Reforma tributaria   |9 337444 
583 |a last modification  |c 20170825 13:52:00  |k Rodrigo Vera 
490 0 |a MET, 14 
999 |c 369429  |d 369427 
952 |0 0  |1 0  |3 erb  |4 0  |6 346_078000000000000_SAL_2014  |7 0  |8 A  |9 485230  |a BIBGIM  |b BIBGIM  |i 5419743  |o 346.078 SAL 2014  |p 5419743  |r 2025-01-15  |w 2019-11-24  |y BK  |z Catalogado en:20170825  |k COM